000 00413nam a2200181Ia 4500
001 468
005 20260306140520.0
008 260306t2010||||xx |||||||||||||| ||spa||
041 _aESP
082 _a121
_bH433
100 _aHegel, G.W. F.
_eAUT
245 0 _aFenomenología del espíritu
260 _c2010
300 _a482 páginas :
_c24 cm.
650 _aGEN
654 _aCHU
942 _cLIB
_dJUS
_fJUS
_2ddc
_n
999 _c468
_d468